000 00681nam a2200193Ia 4500
008 151121s9999||||xx |||||||||||||| ||und||
082 _a811/ देसले
082 _bHNW-71572
100 _aदेसले क मलाकर
245 _aज्ञानिया तुझे पायी
260 _b"चेतश्री प्रकाशन, अंमळनेर"
260 _c--
300 _a44
600 _aदेसले क मलाकर
630 _aज्ञानिया तुझे पायी
700 _aदेसले क मलाकर
730 _aज्ञानिया तुझे पायी
942 _cBOOK
999 _c1253040
_d1253037